| 000 | 00391 a2200109 4500 | ||
|---|---|---|---|
| 001 | ART_38098 | ||
| 005 | 20260410161738.0 | ||
| 008 | 260409a | ||
| 245 | 1 | 0 | _aEl alcance de la responsabilidad solidaria en los términos del artículo 30 de la LCT en torno a los entes públicos |
| 100 | 1 | _aVidal, Verónica | |
| 773 | 0 |
_tDoctrina laboral _g- Nº 360 (ago. 2015) _wREV4049 |
|
| 999 |
_c18511 _d18511 |
||